Une ville, un pays (lettre S) - Statistiques

Statistiques générales
  • Ce quiz a été pris 118 fois
  • Le résultat moyen est 15 sur 24
Statistiques - réponses
Hint Réponse % Correct
Sacramento Etats-Unis
97%
Stuttgart Allemagne
93%
Salzbourg Autriche
93%
Salamanque Espagne
92%
Sheffield Royaume-Uni
91%
Shenzhen Chine
89%
Salvador de Bahia Brésil
88%
Sparte Grèce
82%
Sapporo Japon
77%
Sion Suisse
76%
Setúbal Portugal
73%
Sherbrooke Canada
66%
Stavanger Norvège
60%
Srinagar Inde
58%
Sfax Tunisie
58%
Surabaya Indonésie
52%
Szeged Hongrie
48%
Sikasso Mali
32%
Samarcande Ouzbékistan
29%
Shkodra Albanie
26%
Sihanoukville Cambodge
20%
Soubré Côte d'Ivoire
20%
San Pedro Sula Honduras
19%
Semeï Kazakhstan
13%
Aucun quiz correspondant
Distribution des résultats
% des personnes avec chaque résultat
Percentile par nombre de réponses
Votre historique - résultats
Vous n’avez pas pris ce quiz